A la sombra de las dagas, el paraíso / (Record no. 180313)

MARC details
000 -LEADER
campo de control de longitud fija 00730nam a2200241 i 4500
001 - NÚMERO DE CONTROL
campo de control 180313
003 - IDENTIFICADOR DE NÚMERO DE CONTROL
campo de control ES-MaACL
005 - FECHA Y HORA DE LA ÚLTIMA TRANSACCIÓN
campo de control 20230906221046.0
008 - DATOS DE LONGITUD FIJA--INFORMACIÓN GENERAL
campo de control de longitud fija 120528s2007 sp |||| | spa d
020 ## - NÚMERO INTERNACIONAL ESTÁNDAR DEL LIBRO
Número Internacional Estándar del Libro 978-84-08-07511-0
020 ## - NÚMERO INTERNACIONAL ESTÁNDAR DEL LIBRO
Número Internacional Estándar del Libro 978-3-7857-2253-4
080 ## - NÚMERO DE LA CLASIFICACIÓN DECIMAL UNIVERSAL
Número de la Clasificación Decimal Universal 821.112.2-31"19"
100 1# - ENTRADA PRINCIPAL--NOMBRE DE PERSONA
Nombre de persona Berling, Peter.
9 (RLIN) 28060
245 10 - MENCIÓN DEL TÍTULO
Título A la sombra de las dagas, el paraíso /
Mención de responsabilidad, etc. Peter Berling ; traducción de José Aníbal Campos.
250 ## - MENCION DE EDICION
Mención de edición 1ª ed.
260 ## - PUBLICACIÓN, DISTRIBUCIÓN, ETC.
Lugar de publicación, distribución, etc. Barcelona :
Nombre del editor, distribuidor, etc. Planeta,
Fecha de publicación, distribución, etc. 2007.
300 ## - DESCRIPCIÓN FÍSICA
Extensión 491 p. ;
Dimensiones 24 cm.
490 1# - MENCIÓN DE SERIE
Mención de serie Planeta internacional
700 0# - ENTRADA AGREGADA--NOMBRE PERSONAL
Nombre de persona Campos, José Aníbal.
9 (RLIN) 34246
830 0# - PUNTO DE ACCESO ADICIONAL DE SERIE-TÍTULO UNIFORME
Título uniforme Planeta internacional
9 (RLIN) 189078
852 ## - LOCALIZACIÓN
Ubicación ES-MaACL
Número de control de estantería L-25671
Holdings
Estatus retirado Estado de pérdida Estado de daño No para préstamo Biblioteca de origen Biblioteca actual Ubicación en estantería Fecha de adquisición Fuente de adquisición Total de préstamos Signatura topográfica completa Código de barras Visto por última vez Precio de reemplazo Tipo de ítem Koha
        Biblioteca del Ateneo de Madrid Biblioteca del Ateneo de Madrid Depósito 2 28/05/2012     L-25671 1189468 23/02/2023 23/02/2023 Libro impreso